Cultural differences between slavic nations: comparison of cultural profiles of Slovaks and Russians bakalárska práca

Salvato in:
Dettagli Bibliografici
Autore principale: Bakulyová, Róberta
Ente Autore: Fakulta aplikovaných jazykov EU v Bratislave. Katedra interkultúrnej komunikácie
Altri autori: Biliková, Beáta, 1971-
Natura: Libro
Lingua:inglese
Pubblicazione: Bratislava 2014
Tags: Aggiungi Tag
Nessun Tag, puoi essere il primo ad aggiungerne!!

MARC

LEADER 00000nbm a2200000 4500
001 0187005
005 20170201084642.0
041 0 |a eng 
044 |a SK 
245 1 0 |a Cultural differences between slavic nations: comparison of cultural profiles of Slovaks and Russians  |b bakalárska práca  |c Róberta Bakulyová ; školiteľ: Beáta Biliková 
264 1 |a Bratislava  |c 2014 
300 |a 62 s. 
100 1 |a Bakulyová, Róberta 
700 1 |a Biliková, Beáta, 1971- 
710 2 |a Fakulta aplikovaných jazykov EU v Bratislave. Katedra interkultúrnej komunikácie